000 01000nam a2200229Ia 4500
003 OSt
005 20250502155435.0
008 221004b |||||||| |||| 00| 0 hin d
020 _a9789380172729 (pbk)
037 _cTextual
040 _aCRL
_cCRL
_bhin
041 _2hin
_ahin
084 _aWv2.N5, 152Q5
_qCRL
100 _aby त्यागी, रूचि, संपा.
_9753813
245 0 _aआधुनिक भारत का राजनीतिक चिंतन:
_bएक विमर्श
246 _aĀdhunik bhārat kā rājanītik chiantana: ek vimarsha
260 _aदिल्ली, भारत:
_bहिंदी माध्यम कार्यान्वय निदेशालय,
_c2015.
300 _a414पृ0
_ccm.
650 _aभारतीय राजनीति
_9753814
942 _cTEXL
_2CC
_hWv2.N5, 152Q5
_n0
999 _c1014585
_d1014585